000 00380cam a2200145ua 4500
041 _aeng
_h
082 _a320.58
_bGAN/ME
100 _aGandhi, Manohelm .
245 _aMemorable moments with Bappu /
_cManohelm Gandhi.
_hTextual Documents
260 _aAhmadabad :
_bNavajivan publishing house ,
_c1960.
300 _a48 ; .
504 _a
942 _cBK
999 _c2322
_d2322